Missing Word: 1952 Movies A-Z Quiz Stats

 Plays Quiz Updated Mar 10, 2020

Support Sporcle.
Go Orange.
Score 0/25 Timer 03:00
0 Plays Today
Letter Missing Word % Correct
IIn
96.3%
GGreatest
95.7%
HHigh
95.7%
RRain
95.4%
JJack
95.2%
VVegas
91.7%
DDon't
91.5%
EEarnest
90.6%
YYou
90.2%
CCousin
79.8%
QQuiet
77.4%
LLittle
75.5%
MMonkey
72.9%
Letter Missing Word % Correct
KKilimanjaro
63%
BBend
56.4%
NNarrow
54.6%
ZZapata
52.6%
FFear
29.5%
PPirate
15.9%
AAdventure
12.4%
WWilliams
8.9%
UUntamed
8.5%
SSky
7.5%
TTrees
5.1%
OOharu
4.7%

Today's Daily Dose

Missing Word
90s UK #1s

Word Ladder
Full Score

Quick Pick
Prime Books

Get the Picture
Big 4 'P' All-Stars

From the Vault

One, Two...Not Three XIX

by Tasi

Just like the song goes, "It's easy as one, two...not three."
Remove Ads.
Support Sporcle.
Get the best of Sporcle when you Go Orange. This ad-free experience offers more features, more stats, and more fun while also helping to support Sporcle. Thank you for becoming a member.

Show Comments

Extras

Top Quizzes Today


Score Distribution

Your Account Isn't Verified!

In order to create a playlist on Sporcle, you need to verify the email address you used during registration. Go to your Sporcle Settings to finish the process.

Report this User

Report this user for behavior that violates our Community Guidelines.

Details: